Top 15 landen met Covid-19 sterfgevallen - 1 september 2021 - Statistieken

Algemene statistieken
  • Deze quiz is 3 keer genomen
  • De gemiddelde score is 11 van 25
Antwoordstatistieken
land % Correct
Duitsland
100%
Frankrijk
100%
Rusland
100%
Spanje
100%
Verenigde Staten
100%
Verenigd Koninkrijk
100%
België
67%
Italië
67%
Argentinië
33%
Brazilië
33%
Bulgarije
33%
Hongarije
33%
India
33%
Kroatië
33%
Mexico
33%
Noord-Macedonië
33%
Slovenië
33%
Slowakije
33%
Bosnië en Herzegovina
0%
Colombia
0%
Indonesië
0%
Iran
0%
Paraguay
0%
Peru
0%
Tsjechië
0%
Geen overeenkomende quizzen gevonden
Scoreverdeling
Procent van Mensen met Elke Score
Percentiel versus Aantal Correcte Antwoorden
Uw Scoregeschiedenis
U heeft deze quiz nog niet genomen